000 00658nam a22002297a 4500
003 UA-OsUOA
001 41666
007 ta
008 20080925b un ||||| |||| 00| 0 ukr d
100 _aТимків Михайло
090 _a282
_bТ41
942 _cBK
040 _aUA-OsUOA
_bukr
_cUA-OsUOA
_dUA-OsUOA
245 _aРобітниче питання і католицьке церква.
300 _a64 с.
955 _a4
041 _aukr
080 _a282
260 _b"Слово доброго пастиря"
_c1951
650 7 _a282 Римсько-католицька церква (Західна церква)
_2UDC
999 _c440164
_d440164